000146721 001__ 146721 000146721 005__ 20241126113443.0 000146721 037__ $$aTAZ-TFG-2023-2273 000146721 041__ $$aspa 000146721 1001_ $$aGallego Sánchez, Nerea 000146721 24200 $$aPatient monitoring in sleep studies with event cameras. 000146721 24500 $$aMonitorización de pacientes en estudios del sueño con cámaras de eventos. 000146721 260__ $$aZaragoza$$bUniversidad de Zaragoza$$c2023 000146721 506__ $$aby-nc-sa$$bCreative Commons$$c3.0$$uhttp://creativecommons.org/licenses/by-nc-sa/3.0/ 000146721 520__ $$aLos estudios del sueño son esenciales para el diagnóstico y tratamiento de los trastornos del sueño. Existen diferentes técnicas de monitorización del sueño capaces de medir diversos parámetros como la actividad muscular, la actividad cerebral y la respiración. Sin embargo, estas técnicas no proporcionan información sobre los movimientos del paciente mientras duerme, lo que puede limitar su capacidad para detectar ciertos trastornos como el síndrome de piernas inquietas o el sonambulismo. Con el objetivo de identificar patologías asociadas al movimiento durante el sueño, este TFG plantea un sistema de reconocimiento de acciones utilizando cámaras de eventos. Estos sensores son una alternativa menos invasiva para el paciente y tienen unas características ideales para capturar información precisa del movimiento en condiciones de baja iluminación. En el TFG también se han realizado varios experimentos utilizando el dataset, obteniendo los mejores hiper-parámetros de los diferentes clasificadores considerados, comparándolos unos con otros y realizado una validación cruzada para analizar su capacidad de generalización en diferentes configuraciones. Los resultados obtenidos demuestran el potencial tanto del sistema de clasificación como del dataset en futuras aplicaciones de monitorización del sueño. El carácter novedoso e investigador del trabajo realizado ha dado lugar a su inclusión como parte de un artículo de investigación enviado para su publicación a una conferencia internacional de prestigio.<br /><br /> 000146721 521__ $$aGraduado en Ingeniería Informática 000146721 540__ $$aDerechos regulados por licencia Creative Commons 000146721 700__ $$aMontijano Muñoz, Eduardo$$edir. 000146721 7102_ $$aUniversidad de Zaragoza$$bInformática e Ingeniería de Sistemas$$cIngeniería de Sistemas y Automática 000146721 8560_ $$f801950@unizar.es 000146721 8564_ $$s4711662$$uhttps://zaguan.unizar.es/record/146721/files/TAZ-TFG-2023-2273.pdf$$yMemoria (spa) 000146721 909CO $$ooai:zaguan.unizar.es:146721$$pdriver$$ptrabajos-fin-grado 000146721 950__ $$a 000146721 951__ $$adeposita:2024-11-26 000146721 980__ $$aTAZ$$bTFG$$cEINA 000146721 999__ $$a20230607213424.CREATION_DATE